The Golden Book of Business Presentation Skills (Record no. 2660)

000 -LEADER
fixed length control field 00653nam a2200217 a 4500
007 - PHYSICAL DESCRIPTION FIXED FIELD--GENERAL INFORMATION
fixed length control field ta
008 - FIXED-LENGTH DATA ELEMENTS--GENERAL INFORMATION
fixed length control field 230203t2021 ii a|||g |||| 00| 0 eng d
020 ## - INTERNATIONAL STANDARD BOOK NUMBER
International Standard Book Number 9789389867671
Terms of availability Rs. 319.00
040 ## - CATALOGING SOURCE
Original cataloging agency IMU Kochi Library
Language of cataloging eng
041 0# - LANGUAGE CODE
Language code of text/sound track or separate title eng
044 ## - COUNTRY OF PUBLISHING/PRODUCING ENTITY CODE
MARC country code India
082 04 - DEWEY DECIMAL CLASSIFICATION NUMBER
Edition number 23
Classification number 658.452
Item number B8597
100 1# - MAIN ENTRY--PERSONAL NAME
Personal name Budhale, Prajeet
245 10 - TITLE STATEMENT
Title The Golden Book of Business Presentation Skills
Sub Title : quick and easy tips to make powerful presentations /
260 ## - PUBLICATION, DISTRIBUTION, ETC. (IMPRINT)
Place of publication, distribution, etc New Delhi :
Name of publisher, distributor, etc Bloomsbury Publishing India Private Limited ,
Date of publication, distribution, etc 2021
300 ## - PHYSICAL DESCRIPTION
Extent 117 p. :
Other physical details ill. ;
Dimensions 22 cm.
650 #0 - SUBJECT ADDED ENTRY--TOPICAL TERM
Topical term or geographic name as entry element Business presentations
852 ## - LOCATION/CALL NUMBER
Location IMU Kochi Library
904 ## - LOCAL DATA ELEMENT D, LDD (RLIN)
CATALOGER Akhil Bose
942 ## - ADDED ENTRY ELEMENTS (KOHA)
Item type Books
Holdings
Withdrawn status Lost status Source of classification or shelving scheme Damaged status Not for loan Collection code Permanent location Current location Shelving location Date acquired Source of acquisition Cost, normal purchase price Full call number Barcode Date last seen Koha item type Public note
          Management Studies IMU Kochi Library IMU Kochi Library General Stacks 2023-02-03 M/S Techniz Books International(Inv. No. INT/222310754 Dt. 2023-01-20) 319.00 658.452 B8597 BK005988 2023-02-16 Books Gen. Shelf-33, Row-3
          Management Studies IMU Kochi Library IMU Kochi Library General Stacks 2023-02-03 M/S Techniz Books International(Inv. No. INT/222310754 Dt. 2023-01-20) 319.00 658.452 B8597 BK005989 2023-02-16 Books Gen. Shelf-33, Row-3
          Management Studies IMU Kochi Library IMU Kochi Library General Stacks 2023-02-03 M/S Techniz Books International(Inv. No. INT/222310754 Dt. 2023-01-20) 319.00 658.452 B8597 BK005990 2023-02-16 Books Gen. Shelf-33, Row-3


Copyright © All Rights Reserved by Indian Maritime University, Kochi Campus.
For any Suggestions/Query Contact to library or Email: library.kochi@imu.ac.in Ph:(0484)-2989402
(Web OPAC Designed by Rudra Ranjan. Maintained by IMU Kochi Library)

Powered by Koha